000 00358nam a2200133Ia 4500
008 230917s9999||||xx |||||||||||||| ||und||
040 _e107111
_aMAIN
041 _aEnglish
082 _a617.3 P17E
100 _aPal, Harish Sridhar
245 0 _aEvaluation of external fination in the management of distal radius fractures
300 _a83 p.
942 _cTH
999 _c89208
_d89208